000 00290nam a22001457a 4500
008 230911b ||||| |||| 00| 0 eng d
020 _a0882021702
041 _aeng
080 _a621
082 _a621STE
100 _a19
101 _aIE
245 _aSTEFFENS .J.H
942 _2udc
_cBK
999 _c60315
_d60315